00289nam a2200109Ia 4500008004100000020001800041100002300059245005000082250000600132260002700138300001400165171211s9999 xx 000 0 und d a9781496317346 aEngelkirk, Paul G. aBurton's Microbiology for the health Sciences aX bC & E Publishingc2016 a480 pages